Champions League Winning Number 7's - Statistics

General Stats
  • This quiz has been taken 46 times
  • The average score is 7 of 24
Answer Stats
Answer % Correct
Cristiano Ronaldo
91%
Vinicius Jr
82%
Khvicha Kvaratskhelia
75%
Franck Ribéry
61%
Serge Gnabry
57%
Pedro
55%
David Beckham
48%
James Milner
45%
Raúl
45%
Andriy Shevchenko
34%
N'Golo Kanté
34%
Ramires
23%
Harry Kewell
11%
Henrik Larsson
11%
Finidi George
9%
Mehmet Scholl
9%
Eiður Guðjohnsen
5%
Angelo Di Livio
2%
Stefan Reuter
2%
Carlos Secretário
0%
Jean-Jacques Eydelie
0%
Jeffrén
0%
Ricardo Oliveira
0%
Ricardo Quaresma
0%
No matching quizzes found
Score Distribution
Percent of People with Each Score
Percentile by Number Answered
Your Score History
You have not taken this quiz